000 00689cpcaa2200217 4500
001 mm 79000326
003 DLC
005 20260227111630.0
008 790130|||||||||||| eng
010 _amm 79000326
040 _aDLC
_cDLC
_edacs
_dDLC
072 7 _aW
_2lcmd
100 1 _aBrown, Edgar F.
245 0 0 _aEdgar F. Brown correspondence,
_f1862.
300 _a1
_fitem.
506 0 _aOpen to research.
546 _aCollection material in English.
580 _aForms part of: Miscellaneous Manuscripts collection.
999 _c40305
_d40305